Kvalifikační struktura pracovníků v ČSFR v roce 1989.
Vysoké percento pracovníkov so základným vzdelaním v národnom hospodárstve ČSFR v r. 1989. Zameranie vyššieho stupňa vzdelávania v uplynulých rokoch prevažne na technické smery. Kvalifikačná štruktúra pracovníkov v ČSFR v rokoch 1983 a 1989.
Salvato in:
| Autore principale: | |
|---|---|
| Natura: | Capitolo di libro |
| Lingua: | ceco |
| Soggetti: | |
| Tags: |
Nessun Tag, puoi essere il primo ad aggiungerne!!
|
MARC
| LEADER | 00000naa a2200000 4500 | ||
|---|---|---|---|
| 001 | r004361 | ||
| 005 | 20221125081008.6 | ||
| 041 | 0 | |a cze | |
| 044 | |a [CS] | ||
| 245 | 1 | 0 | |a Kvalifikační struktura pracovníků v ČSFR v roce 1989. |c D. Tesařová |
| 520 | |a Vysoké percento pracovníkov so základným vzdelaním v národnom hospodárstve ČSFR v r. 1989. Zameranie vyššieho stupňa vzdelávania v uplynulých rokoch prevažne na technické smery. Kvalifikačná štruktúra pracovníkov v ČSFR v rokoch 1983 a 1989. | ||
| 610 | 2 | 0 | |a štruktúra kvalifikačná |
| 610 | 2 | 0 | |a ČSFR |
| 610 | 2 | 0 | |a vzdelávanie |
| 610 | 2 | 0 | |a 1983 |
| 610 | 2 | 0 | |a 1989 |
| 610 | 2 | 0 | |a pracovníci |
| 610 | 2 | 0 | |a údaje štatistické |
| 610 | 2 | 0 | |a porovnanie štatistické |
| 100 | 1 | |a Tesařová, D. | |